[Event "Estadual de Mestres FEXERJ 2024"]
[Site "Rio de Janeiro"]
[Date "2024.06.02"]
[Round "6"]
[White "De Albuquerque, Ian Telek Cavalcant"]
[Black "Laba, Otavio De Souza"]
[Result "1/2-1/2"]
[WhiteElo "2133"]
[BlackElo "1879"]
[PlyCount "93"]
[GameId "501081799681"]
[EventDate "2024.05.30"]
[EventRounds "6"]
[EventCountry "BRA"]

1. e4 e5 2. Nf3 Nc6 3. c3 Nf6 4. d4 Nxe4 5. d5 Ne7 6. Nxe5 Nf6 $146 ({RR} 6... d6 7. Bb5+ c6 8. dxc6 Nxc6 9. Nxc6 {1-0 Yakovlev,E (2228)-Guo,A (1902) Titled Tue 26th Mar Late chess.com INT 2024 (2)}) 7. c4 Ng6 8. Nd3 b5 9. cxb5 Nxd5 10. Nc3 Bb7 11. Nxd5 Bxd5 12. Be3 Bd6 13. a3 Qe7 14. Qd2 O-O 15. O-O-O c6 16. Kb1 Rfb8 17. b6 axb6 18. h4 Ne5 19. Nxe5 Bxe5 20. Bd3 Rxa3 21. bxa3 Qxa3 22. Bd4 Bxd4 23. Bxh7+ Kxh7 24. Qxd4 Ra8 25. Rh3 Qa2+ 26. Kc1 Ra4 27. Qb2 Qa1+ 28. Qxa1 Rxa1+ 29. Kc2 Ra2+ 30. Kd3 Rxf2 31. g4 b5 32. Re3 Rf3 33. h5 b4 34. g5 b3 35. Ke2 Rxe3+ 36. Kxe3 Be6 37. Kd4 f6 38. gxf6 gxf6 39. Rf1 Kh6 40. Rxf6+ Kxh5 41. Rf2 d6 42. Kc3 c5 43. Rf6 Bg8 44. Rf8 Bh7 45. Kxb3 d5 46. Rc8 c4+ 47. Rxc4 1/2-1/2

[Event "Estadual de Mestres FEXERJ 2024"]
[Site "Rio de Janeiro"]
[Date "2024.06.02"]
[Round "6"]
[White "Pereira, Arthur Macedo"]
[Black "Fucs, Paulo Moses"]
[Result "1-0"]
[WhiteElo "1902"]
[BlackElo "1971"]
[PlyCount "35"]
[GameId "501081799682"]
[EventDate "2024.05.30"]
[EventRounds "6"]
[EventCountry "BRA"]

1. d4 d5 2. c4 c6 3. Nc3 a6 4. cxd5 cxd5 5. Nf3 Nc6 6. Bf4 Nf6 7. e3 g6 8. Be2 Bg7 9. h3 O-O 10. O-O $146 ({RR} 10. Rc1 e6 11. Ne5 Nxe5 12. Bxe5 Bd7 13. Qb3 b5 14. a4 bxa4 15. Nxa4 Qa5+ 16. Nc3 Ne4 17. Bxg7 Kxg7 18. O-O Nd2 19. Qb7 Nxf1 20. Qxd7 Nd2 21. Qd6 Rac8 22. Qe5+ Kg8 23. Rd1 Nc4 24. Bxc4 Rxc4 {0-1 Skibbe,W (2178)-Tikhonov,V (2160) Titled Tue 19th Dec Early chess.com INT 2023 (11)}) ({RR} 10. Rc1 Bf5 11. O-O Ne4 12. Nxe4 Bxe4 13. Nd2 Bf5 14. Nb3 Re8 15. Nc5 Qb6 16. Na4 Qa5 17. Qb3 Qb4 18. Qxb4 Nxb4 19. Nb6 Ra7 20. a3 Nc6 21. Nxd5 e5 22. dxe5 Bxe5 23. Bxe5 Rxe5 24. Nb6 Ne7 {1-0 Mitrabha,G (2526)-Sherla Prathamesh (1850) ch-IND Blitz 2023-24 Nashik IND 2024 (1.2)}) ({RR} 10. Rc1 Bd7 11. O-O b5 12. Ne5 Rc8 13. Bf3 e6 14. Nd3 Na5 15. Nc5 Qb6 16. b3 Nb7 17. b4 a5 18. a3 axb4 19. axb4 Ra8 20. Qe2 Nd6 21. Bxd6 Qxd6 22. Nxb5 Bxb5 23. Qxb5 Rfb8 24. Qd3 Rxb4 {½-½ Yagupov,I (2275)-Castellanos Hernandez,L (1900) Titled Tue 23rd Apr Early chess.com INT 2024 (4)}) 10... Qb6 11. Na4 Qa5 12. a3 e6 13. b4 Qd8 14. Rc1 Re8 15. Nc5 Ne7 16. Nxa6 bxa6 17. Bc7 Qd7 18. Ne5 1-0

[Event "Estadual de Mestres FEXERJ 2024"]
[Site "Rio de Janeiro"]
[Date "2024.06.02"]
[Round "6"]
[White "Barros, Angelo Costa"]
[Black "Salles, Marvio Darilho"]
[Result "0-1"]
[WhiteElo "1825"]
[BlackElo "2072"]
[PlyCount "76"]
[GameId "501081799683"]
[EventDate "2024.05.30"]
[EventRounds "6"]
[EventCountry "BRA"]

1. e4 c5 2. Nf3 a6 3. c3 d5 4. exd5 Qxd5 5. d4 e6 6. Be3 Nd7 7. Nbd2 $146 ({RR} 7. Be2 Ngf6 8. O-O cxd4 9. cxd4 Be7 10. Nc3 Qa5 11. a3 O-O 12. b4 Qd8 13. Qb3 Nb6 14. Ne5 Nbd5 15. Bf3 Nxc3 16. Qxc3 Nd5 17. Qb3 Nxe3 18. Qxe3 Bg5 19. Qc3 Qd6 20. Rfd1 Rb8 21. Qc5 Rd8 {½-½ Nyysti,S (2344)-Koykka,P (2354) TCh-FIN 2023-24 Finland FIN (11.4)}) ({RR} 7. c4 Qc6 8. Nc3 Ngf6 9. Be2 b6 10. O-O Bb7 11. Qc2 Bd6 12. Rad1 O-O 13. a3 Rad8 14. dxc5 Bxc5 15. Bxc5 Qxc5 16. Qd3 Qc7 17. Qd6 Rc8 18. Qxc7 Rxc7 19. Rd6 Rfc8 20. Rfd1 Kf8 21. Na4 Bc6 {½-½ Martic,I (2300)-Mijatovic,D (2145) RADNICKICHESS IM2 Mar Belgrade SRB 2024 (5.2)}) ({RR} 7. c4 Qd6 8. Nc3 Ngf6 9. Be2 b6 10. O-O Bb7 11. Qc2 cxd4 12. Nxd4 Qc7 13. Rad1 Bd6 14. h3 Bf4 15. Ndb5 Bh2+ 16. Kh1 axb5 17. Nxb5 Qb8 18. f4 Bg3 19. Nd6+ Kf8 20. Nxb7 Qxb7 21. Bf3 Qb8 {½-½ Rakotomaharo,F (2448)-Sielecki,C (2403) Titled Tue 2nd Apr Early chess.com INT 2024 (5)}) 7... cxd4 8. Bc4 Qa5 9. Bxd4 Ngf6 10. O-O Be7 11. a4 Qc7 12. Re1 O-O 13. a5 Bc5 14. Qe2 Re8 15. b4 Bxd4 16. cxd4 Nf8 17. Rec1 Qd6 18. Bd3 Qxb4 19. Rc5 b6 20. Rb1 bxc5 21. Rxb4 cxb4 22. Nc4 Nd5 23. Be4 Rd8 24. Bxd5 exd5 25. Nb6 Rb8 26. Ne5 Re8 27. Qd2 b3 28. f3 Bf5 29. Qb2 Bc2 30. Nc6 Re1+ 31. Kf2 Rbe8 32. Nxd5 R8e2+ 33. Kg3 Rg1 34. Nf4 Rd2 35. d5 Ng6 36. Qa3 Nxf4 37. Kxf4 Rgxg2 38. Ne5 g5+ 0-1

[Event "Estadual de Mestres FEXERJ 2024"]
[Site "Rio de Janeiro"]
[Date "2024.06.02"]
[Round "6"]
[White "Chaves, Jorge Antonio Torre"]
[Black "Fernandes, Silas Carvalho"]
[Result "1/2-1/2"]
[WhiteElo "1918"]
[BlackElo "2043"]
[PlyCount "180"]
[GameId "501081799684"]
[EventDate "2024.05.30"]
[EventRounds "6"]
[EventCountry "BRA"]

1. e4 c5 2. b3 d6 3. Bb2 e6 4. Nf3 Nf6 5. Bb5+ Nbd7 6. Nc3 $146 ({RR} 6. d3 Be7 7. O-O O-O 8. Bxd7 Bxd7 9. Nbd2 b5 10. Re1 Rc8 11. Ng5 d5 12. e5 Ne8 13. Nh3 f5 14. exf6 Bxf6 15. Bxf6 Qxf6 16. Nf3 e5 17. Nxe5 Bxh3 18. gxh3 Qxf2+ 19. Kh1 Nd6 20. Qe2 Qxe2 {½-½ Erzhanov,A (2152)-Jodar Arias,M (2190) Titled Tue 7th May Early chess.com INT 2024 (3)}) 6... a6 7. Bxd7+ Bxd7 8. a4 Be7 9. Qe2 Qc7 10. O-O O-O 11. h3 Rfd8 12. Rfe1 Bc6 13. d3 b5 14. Nd2 Qb7 15. f4 Bf8 16. g4 d5 17. g5 Ne8 18. Nf3 d4 19. Nd1 bxa4 20. bxa4 Bd6 21. Bc1 Qc7 22. Qh2 Rab8 23. Bd2 Rb7 24. Nh4 Rdb8 25. e5 Bf8 26. f5 Qd7 27. Rf1 Nc7 28. g6 exf5 29. gxf7+ Qxf7 30. Rxf5 Qd5 31. Rf1 Rb1 32. Nf2 Rxa1 33. Rxa1 Re8 34. Re1 Bxa4 35. Qg3 Kh8 36. Ne4 Bd7 37. Rf1 c4 38. Ng5 Be6 39. Ng6+ Kg8 40. Rxf8+ Rxf8 41. Ne7+ Kh8 42. Nxd5 Bxd5 43. e6 Nxe6 44. Nxe6 Bxe6 45. Qd6 Rf6 46. Qxd4 cxd3 47. cxd3 Kg8 48. h4 Kf7 49. Bg5 Rf5 50. Qa7+ Kg6 51. Qe7 Bf7 52. Qd6+ Kh5 53. Qxa6 h6 54. Bd8 g5 55. hxg5 hxg5 56. Qc8 Kg4 57. Bb6 Bd5 58. Bf2 Bf3 59. Qe6 Bd5 60. Qd6 Bf3 61. d4 Bd5 62. Qg3+ Kh5 63. Qh2+ Kg4 64. Qg3+ Kh5 65. Be3 Kg6 66. Kh2 Kh5 67. Qh3+ Kg6 68. Qh8 Bf3 69. Kg3 Bd5 70. Qe8+ Kf6 71. Qd8+ Kg6 72. Qd6+ Kh5 73. Bg1 Rf3+ 74. Kh2 Rf5 75. Qc7 Kg6 76. Qc2 Kf6 77. Bf2 Be6 78. Bg3 Bd5 79. Qc7 Kg6 80. Qd6+ Kh5 81. Qd8 Kg4 82. Qd7 Be4 83. Qe6 Bd5 84. Qh6 Be4 85. Qh3+ Kf3 86. Be5+ Ke2 87. Qg4+ Ke3 88. Qg1+ Ke2 89. Bg3 Rf1 90. Qxf1+ Kxf1 1/2-1/2

[Event "Estadual de Mestres FEXERJ 2024"]
[Site "Rio de Janeiro"]
[Date "2024.06.02"]
[Round "6"]
[White "Yunes, David Teles"]
[Black "Fernandes, Felipe Gambini"]
[Result "0-1"]
[WhiteElo "1975"]
[BlackElo "1893"]
[PlyCount "52"]
[GameId "501081799685"]
[EventDate "2024.05.30"]
[EventRounds "6"]
[EventCountry "BRA"]

1. e4 e5 2. Nf3 Nf6 3. d4 exd4 4. e5 Ne4 5. Qxd4 d5 6. exd6 Nxd6 7. Be3 Nc6 8. Qd2 Bf5 9. Bd3 Be7 10. Nc3 O-O 11. O-O Nb4 12. Nd4 Nxd3 13. Nxf5 Nxb2 14. Nxe7+ Qxe7 15. Nd5 Qd7 16. Bh6 f6 17. Qd4 Nbc4 18. Bf4 c6 19. Nc3 Rfd8 20. Rad1 Qf5 21. Rfe1 Qxc2 22. Re7 Nf7 23. Re2 Rxd4 24. Rxc2 Rxf4 25. Ne2 Re4 26. Ng3 Na3 0-1

[Event "Estadual de Mestres FEXERJ 2024"]
[Site "Rio de Janeiro"]
[Date "2024.06.02"]
[Round "6"]
[White "Dias, Matheus Braga"]
[Black "Mesquita, Arnaldo Leite"]
[Result "1-0"]
[WhiteElo "1960"]
[BlackElo "1821"]
[PlyCount "63"]
[GameId "501081799686"]
[EventDate "2024.05.30"]
[EventRounds "6"]
[EventCountry "BRA"]

1. d4 Nf6 2. c4 e5 3. dxe5 Ng4 4. Nf3 Bc5 5. e3 Nc6 6. b3 Bb4+ 7. Nbd2 Bc3 8. Rb1 Ngxe5 9. Nxe5 Bxe5 10. Nf3 Bf6 11. Be2 d6 12. Ba3 Bc3+ 13. Nd2 Qg5 14. O-O Qa5 15. Ne4 Be5 16. Qc1 Bf5 17. b4 Bxh2+ 18. Kxh2 Qe5+ 19. Ng3 Bxb1 20. Qxb1 h5 21. Qe4 O-O-O 22. Qxe5 Nxe5 23. Bb2 f6 24. Nf5 g6 25. Ne7+ Kd7 26. Nd5 Rdf8 27. f4 c6 28. fxe5 cxd5 29. exf6 Rf7 30. cxd5 Rc8 31. Bb5+ Kd8 32. Bd3 1-0

[Event "Estadual de Mestres FEXERJ 2024"]
[Site "Rio de Janeiro"]
[Date "2024.06.02"]
[Round "6"]
[White "E Silva, Samuel Batista"]
[Black "Leal, Kaue Dos Santos"]
[Result "0-1"]
[WhiteElo "1800"]
[BlackElo "1781"]
[PlyCount "120"]
[GameId "501081799688"]
[EventDate "2024.05.30"]
[EventRounds "6"]
[EventCountry "BRA"]

1. e4 {ChessBase} c5 2. Nf3 d6 3. d4 cxd4 4. Nxd4 Nf6 5. Nc3 a6 $146 ({RR} 5... Nc6 6. Bg5 e6 7. f3 a6 8. Qd2 Bd7 9. O-O-O Nxd4 10. Qxd4 Be7 11. g4 h5 12. gxh5 Nxh5 13. Bxe7 Qxe7 14. Bc4 Bc6 15. Qxd6 Qxd6 16. Rxd6 Ke7 17. Rd2 Nf4 18. Ne2 Nxe2+ 19. Rxe2 {½-½ Korkuc,C-Fridman,V Match/Training Botvinnik-Ragozin +4-0=2 Moscow (Russia) 1936 (63)}) 6. Bc4 e6 7. O-O Nc6 8. Nf3 b5 9. Bd3 Bb7 10. Re1 Qc7 11. Ne2 Be7 12. Ng3 O-O 13. c3 Rfe8 14. Qc2 Rad8 15. Be3 g6 16. Rad1 d5 17. e5 Nd7 18. Bd4 Bf8 19. Re2 Bg7 20. Rde1 Rc8 21. Qd2 b4 22. Qf4 bxc3 23. Bxc3 Nc5 24. Bc2 a5 25. a3 Ba6 26. Rd2 Bc4 27. b4 axb4 28. axb4 Na6 29. Rb1 Rb8 30. Ba4 Bb5 31. Ra2 Qb6 32. Ng5 Re7 33. h4 h6 34. Nf3 Bxa4 35. Rxa4 Nc7 36. Ne2 Nb5 37. Qd2 Nxc3 38. Qxc3 Reb7 39. b5 Ne7 40. Ra6 Qc7 41. Qxc7 Rxc7 42. b6 Rcb7 43. Ned4 Nc8 44. Rba1 Rxb6 45. Ra8 Rxa8 46. Rxa8 Rb1+ 47. Kh2 Rc1 48. Nb5 Kh7 49. Nd6 Bxe5+ 50. Nxe5 Nxd6 51. Rd8 Ne4 52. Nxf7 Kg7 53. Rd7 Kf6 54. Nxh6 Ke5 55. Ng4+ Kd4 56. Rg7 Kc3 57. Rxg6 d4 58. Rxe6 d3 59. f3 Re1 60. fxe4 d2 0-1

[Event "Estadual de Mestres FEXERJ 2024"]
[Site "Rio de Janeiro"]
[Date "2024.06.02"]
[Round "6"]
[White "Cardoso, Rafaela Martins"]
[Black "Silva, Guilherme de Moura"]
[Result "1/2-1/2"]
[WhiteElo "1764"]
[BlackElo "1816"]
[PlyCount "18"]
[GameId "501081799689"]
[EventDate "2024.05.30"]
[EventRounds "6"]
[EventCountry "BRA"]

1. f4 Nf6 2. Nf3 b6 3. e3 Bb7 4. Ne5 $146 ({RR} 4. d4 g6 5. c4 Bg7 6. Nc3 O-O 7. Bd3 d5 8. cxd5 Nxd5 9. Nxd5 Qxd5 10. e4 Qd7 11. Be3 Nc6 12. Bb5 a6 13. Ba4 b5 14. Bb3 Na5 15. Bc2 Nc4 16. Bc1 Rad8 17. b3 Nd6 18. Qe2 f5 {½-½ Sturt,R (2459)-Shishkov,A (2340) Titled Tue 13th Feb Early chess.com INT 2024 (1)}) 4... Nc6 5. Be2 g6 6. O-O a6 7. b3 Bg7 8. Bb2 O-O 9. d4 Re8 1/2-1/2